Engineering thermodynamics (Record no. 4369)

000 -LEADER
fixed length control field 00584nam a22002177a 4500
001 - CONTROL NUMBER
control field 4369
003 - CONTROL NUMBER IDENTIFIER
control field BD-DhUET
008 - FIXED-LENGTH DATA ELEMENTS--GENERAL INFORMATION
fixed length control field 141115b xxu||||| |||| 00| 0 eng d
020 ## - INTERNATIONAL STANDARD BOOK NUMBER
International Standard Book Number 0582407265
040 ## - CATALOGING SOURCE
Original cataloging agency DLC
Language of cataloging DLC
Transcribing agency 0
Modifying agency BD-DhUET
082 ## - DEWEY DECIMAL CLASSIFICATION NUMBER
Item number ROG/1980
Classification number 621.01
100 ## - MAIN ENTRY--PERSONAL NAME
Personal name Rogers, G.F.C.
245 ## - TITLE STATEMENT
Title Engineering thermodynamics
Remainder of title work and heat transfer
250 ## - EDITION STATEMENT
Edition statement 3rd ed.
260 ## - PUBLICATION, DISTRIBUTION, ETC. (IMPRINT)
Place of publication, distribution, etc. Essex
Name of publisher, distributor, etc. English Language Books Society
Date of publication, distribution, etc. 1980
300 ## - PHYSICAL DESCRIPTION
Extent xvi,667p.
504 ## - BIBLIOGRAPHY, ETC. NOTE
Bibliography, etc Includes bibliographies
650 #0 - SUBJECT ADDED ENTRY--TOPICAL TERM
Topical term or geographic name as entry element Thermodynamics-Engineering
700 ## - ADDED ENTRY--PERSONAL NAME
Personal name Mayhew, Y. R.
942 ## - ADDED ENTRY ELEMENTS (KOHA)
Koha item type General Book
Holdings
Location (home branch) Koha date last borrowed Damaged status Koha item type Price effective from Withdrawn status Koha issues (times borrowed) Koha date last seen Koha normalized classification for sorting Lost status Piece designation (barcode) Date acquired Koha full call number Shelving location Copy number Not for loan Sublocation or collection (holding branch) Source of classification or shelving scheme
Central Library, BUET2018-04-21 General Book2014-11-15 12018-09-15621_010000000000000_ROG_1980 685842014-11-15621.01/ROG/1980Circulation section1 Central Library, BUET 
Central Library, BUET  General Book2014-11-29  2014-11-29621_010000000000000_ROG_1980 679072014-11-29621.01/ROG/1980Circulation section2 Central Library, BUET 
Central Library, BUET  General Book2015-01-21  2015-01-21621_010000000000000_ROG_1980 679062015-01-21621.01/ROG/1980Circulation section3 Central Library, BUET 
Central Library, BUET2018-09-15 General Book2015-04-18 12018-10-14621_010000000000000_ROG_1980 685832015-04-18621.01/ROG/1980Circulation section4 Central Library, BUET 
Central Library, BUET  General Book2015-04-18  2015-04-18621_010000000000000_ROG_1980 679052015-04-18621.01/ROG/1980Circulation section5 Central Library, BUET